Cities by their picture #1 - Statistics

General Stats
  • This quiz has been taken 28 times
  • The average score is 12 of 16
Answer Stats
Picture Answer % Correct
London
100%
New York City
100%
Paris
100%
Sydney
95%
Tokyo
95%
Dubai
91%
Rio De Janeiro
86%
Mecca
82%
Moscow
82%
Toronto
77%
Cape Town
68%
Shanghai
59%
Venice
41%
Istanbul
27%
Munich
23%
San Francisco
23%
No matching quizzes found
Score Distribution
Percent of People with Each Score
Percentile by Number Answered
Your Score History
You have not taken this quiz